| 000 | 01093cam a22003017a 4500 | ||
|---|---|---|---|
| 001 | 3289 | ||
| 005 | 20240625150843.0 | ||
| 020 | _a9780689810015 | ||
| 040 |
_aDLC _cDLC _dDLC _beng |
||
| 050 | 0 | 0 | _aPZ7.R982 |
| 082 | _a813.6 | ||
| 100 | 1 | _aRylant, Cynthia | |
| 245 | 1 | 0 |
_aHenry and Mudge in the green time : _bthe third book of their adventures / _cstory by Rylant, Cynthia ; pictures by Stevenson, Suçie |
| 250 | _aFirst Aladdin Paperbacks Edition , 1992 | ||
| 260 |
_aNew York : _bSimon & Schuster, Inc, _c1987 |
||
| 300 |
_a48 pages : _bcolor illustrations ; _c23 cm. |
||
| 490 | 0 |
_aReady-to-read. _vLevel 2 |
|
| 490 | 0 | _aHenry and Mudge | |
| 505 | _aJ | ||
| 520 | _aFor Henry and his big dog Mudge, summer means going on a picnic in the park, taking a bath under the garden hose, and going to the top of the big green hill. | ||
| 521 |
_a480
_bLexile |
||
| 521 |
_aJ
_bRaz-Plus |
||
| 650 | 1 |
_aDogs _vFiction |
|
| 650 | 1 |
_aSummer _vFiction |
|
| 700 | 1 |
_aStevenson, Suçie _eillustrator |
|
| 906 |
_a7 _bcbc _corigcop _d2 _encip _f20 _gy-gencatlg |
||
| 942 |
_2ddc _cBK _n0 |
||
| 999 |
_c3289 _d3289 |
||